Central Library OPAC University of Rajshahi

Canine and feline cytopathology : (Record no. 86399)

MARC details
000 -LEADER
fixed length control field 01792nam a2200385 a 4500
001 - CONTROL NUMBER
control field 86399
003 - CONTROL NUMBER IDENTIFIER
rucl marc code BD-RjUL
005 - DATE AND TIME OF LATEST TRANSACTION
control field 20260429114941.0
008 - FIXED-LENGTH DATA ELEMENTS--GENERAL INFORMATION
fixed length control field 260429s2023 paua b 001 0 eng
020 ## - INTERNATIONAL STANDARD BOOK NUMBER
International Standard Book Number 9780323683685
Qualifying information (hardcover)
Canceled/invalid ISBN 9780323683692
Qualifying information (ebook)
035 ## - SYSTEM CONTROL NUMBER
System control number 22122580
System control number (BD-RjUL)86399
040 ## - CATALOGING SOURCE
Original cataloging agency DLC
Language of cataloging eng
Description conventions rda
Transcribing agency DLC
Modifying agency BD-RjUL
041 ## - LANGUAGE CODE
Language code of text/sound track or separate title eng
042 ## - AUTHENTICATION CODE
Authentication code pcc
082 ## - DEWEY DECIMAL CLASSIFICATION NUMBER
Edition number 23
Classification number 636.08978
Author mark and year RAC 2023
245 00 - TITLE STATEMENT
Title Canine and feline cytopathology :
Remainder of title a color atlas and interpretation guide /
Statement of responsibility, etc. Rose E. Raskin, DVM, PhD, DACVP, MRCVS, Professor Emerita of Veterinary Clinical Pathology, College of Veterinary Medicine, Purdue University, West Lafayette, Indiana, Denny J. Meyer, DVM, DACVP, DACVIM (SAIM), Veterinary Clinical Pathologist and Small Animal Internist, Lauderdale-by-the-Sea, Florida, Katie M. Boes, DVM, MS, DACVP, Clinical Pathologist, Antech Diagnostics, Blacksburg, Virginia.
250 ## - EDITION STATEMENT
Edition statement 4th edition.
264 #1 - PRODUCTION, PUBLICATION, DISTRIBUTION, MANUFACTURE, AND COPYRIGHT NOTICE
Place of production, publication, distribution, manufacture St. Louis, Missouri :
Name of producer, publisher, distributor, manufacturer Elsevier,
Date of production, publication, distribution, manufacture, or copyright notice 2023.
300 ## - PHYSICAL DESCRIPTION
Pagination xi, 727 pages :
Illustrations color illustrations ;
Size 29 cm
336 ## - CONTENT TYPE
Content type term text
Content type code txt
Source rdacontent
337 ## - MEDIA TYPE
Media type term unmediated
Media type code n
Source rdamedia
338 ## - CARRIER TYPE
Carrier type term volume
Carrier type code nc
Source rdacarrier
500 ## - GENERAL NOTE
General note Revised edition of: Canine and feline cytology / [edited by] Rose E. Raskin, Denny J. Meyer. 3rd edition. [2016].
General note "Previous editions copyrighted © 2016, 2010, and 2001"-- copyright page.
504 ## - BIBLIOGRAPHY, ETC. NOTE
Bibliography, etc Includes bibliographical references and index.
650 #0 - SUBJECT ADDED ENTRY--TOPICAL TERM
Topical term or geographic name as entry element Dogs
General subdivision Diseases
Form subdivision Atlases.
9 (RLIN) 18241
Topical term or geographic name as entry element Cats
General subdivision Diseases
Form subdivision Atlases.
9 (RLIN) 18242
Topical term or geographic name as entry element Veterinary cytology
Form subdivision Atlases.
9 (RLIN) 18243
700 1# - ADDED ENTRY--PERSONAL NAME
Personal name Raskin, Rose,
Relator term editor.
Personal name Meyer, Dennis J.,
Relator term author.
Personal name Boes, Katie M.,
Relator term author.
942 ## - ADDED ENTRY ELEMENTS (KOHA)
Source of classification or shelving scheme Dewey Decimal Classification
Koha item type Books
Holdings
Lost status Source of classification or shelving scheme Damaged status Not for loan Collection code Permanent Location Current Location Shelving location Date acquired Source of acquisition Cost, normal purchase price Total Checkouts Full call number Date last seen Copy number Koha item type
  Dewey Decimal Classification   Not For Loan Non-fiction Central Library, University of Rajshahi Central Library, University of Rajshahi Reading Room 20/04/2026 Ahsania Mission Book Dis. 15129.00   636.08978 RAC 2023 29/04/2026 C-1 Books